[Event "Chess.com Classic Div 2 L"]
[Site "chess.com INT"]
[Date "2024.05.12"]
[Round "3.2"]
[White "Vidit, Santosh Gujrathi"]
[Black "Sevian, Samuel"]
[Result "1-0"]
[WhiteTitle "GM"]
[BlackTitle "GM"]
[WhiteElo "2722"]
[BlackElo "2699"]
[WhiteFideId "5029465"]
[BlackFideId "2040506"]
[EventDate "2024.05.11"]
[EventType "k.o."]

1. e4 e5 2. Nf3 Nc6 3. Bc4 Bc5 4. d3 Nf6 5. Bg5 d6 6. c3 a5 7. Nbd2 h6 8. Bh4
Ba7 9. Qe2 Qe7 10. O-O-O a4 11. a3 Bd7 12. Bb5 g5 13. Bg3 h5 14. h4 g4 15. Ng5
Ng8 16. d4 f6 17. d5 Nd8 18. Bxd7+ Qxd7 19. Ne6 Nxe6 20. dxe6 Qxe6 21. Qb5+ Kf7
22. Qxa4 Ne7 23. Qc2 Bc5 24. Kb1 Ra6 25. Rhf1 Rha8 26. Qb3 Qxb3 27. Nxb3 Bb6 28.
Kc2 Ke6 29. Nd2 Ra4 30. Rde1 Bc5 31. f4 gxf3 32. gxf3 Rg8 33. Bf2 Bxf2 34. Rxf2
Ng6 35. Rh1 Nf4 36. Nf1 c6 37. Ne3 d5 38. exd5+ cxd5 39. Rd1 d4 40. cxd4 exd4
41. Nf1 d3+ 42. Kd2 Rc4 43. Ne3 Rc5 44. Re1 Kf7 45. b4 Re5 46. a4 Rge8 47. Rff1
R5e6 48. a5 Rd8 49. b5 Rd4 50. Ra1 Rb4 51. Rfb1 Rxb1 52. Rxb1 Ke7 53. a6 Kd7 54.
a7 Re8 55. Rb4 Ne6 56. Nd5 Kd6 57. Nxf6 Ra8 58. b6 Kc5 59. Rb1 Kc4 60. Nd7 Kd4
61. Rb4+ Kd5 62. Kxd3 Rd8 63. Ke3 Kc6 64. Nb8+ Kc5 65. Re4 1-0

[Event "Chess.com Classic Div 2 L"]
[Site "chess.com INT"]
[Date "2024.05.13"]
[Round "4.1"]
[White "Aronian, Levon"]
[Black "Vidit, Santosh Gujrathi"]
[Result "1/2-1/2"]
[WhiteTitle "GM"]
[BlackTitle "GM"]
[WhiteElo "2730"]
[BlackElo "2722"]
[WhiteFideId "13300474"]
[BlackFideId "5029465"]
[EventDate "2024.05.11"]
[EventType "k.o."]

1. d4 d5 2. c4 e6 3. Nc3 c5 4. cxd5 exd5 5. Nf3 Nc6 6. dxc5 d4 7. Na4 Bxc5 8.
Nxc5 Qa5+ 9. Qd2 Qxc5 10. e3 dxe3 11. Qxe3+ Qxe3+ 12. Bxe3 Nge7 13. Bc4 O-O 14.
O-O Bg4 15. Nd2 Rfd8 16. f3 Bf5 17. Ne4 Ne5 18. Bb3 b6 19. Bg5 N5c6 20. Rad1 Kf8
21. Nd6 Bg6 22. Rfe1 Rd7 23. Nc4 Rad8 24. Rxd7 Rxd7 25. Bf4 Nd4 26. Ne5 Rd8 27.
Bc4 b5 28. Bf1 Bf5 29. Kf2 f6 30. Ng4 h5 31. Ne3 Be6 32. h4 Kf7 33. b3 Rd7 34.
Rc1 a6 35. Nc2 Ndf5 36. Nb4 Ng6 37. Be3 Nxe3 38. Kxe3 a5 39. Nc6 Nxh4 40. Nd4
Re7 41. Kf2 Rd7 42. Ke3 Re7 43. Kf2 Rd7 44. Ke3 1/2-1/2

[Event "Chess.com Classic Div 2 L"]
[Site "chess.com INT"]
[Date "2024.05.13"]
[Round "4.1"]
[White "So, Wesley"]
[Black "Dubov, Daniil"]
[Result "1-0"]
[WhiteTitle "GM"]
[BlackTitle "GM"]
[WhiteElo "2757"]
[BlackElo "2707"]
[WhiteFideId "5202213"]
[BlackFideId "24126055"]
[EventDate "2024.05.11"]
[EventType "k.o."]

1. e4 e5 2. Nf3 Nc6 3. Bc4 Bc5 4. c3 d6 5. d3 h6 6. O-O Bb6 7. a4 a5 8. Nbd2
Nge7 9. Bb3 O-O 10. Re1 Kh8 11. Nc4 Ba7 12. Be3 Ng6 13. Bxa7 Rxa7 14. Ne3 Nh4
15. Nxh4 Qxh4 16. g3 Qf6 17. f4 exf4 18. Rf1 Qg5 19. Rxf4 Bh3 20. Nd5 Ne5 21.
Nxc7 Bg4 22. Qf1 Qh5 23. Bd1 Bxd1 24. Qxd1 Qg6 25. d4 Nd7 26. Qf3 Nb6 27. Rg4
Qh5 28. Ne6 f5 29. Rf1 Raa8 30. exf5 Rf7 31. b3 Nd5 32. Nf4 Nxf4 33. Rxf4 Qg5
34. f6 Rg8 35. fxg7+ Rfxg7 36. Kh1 Rg6 37. Rf5 Qd2 38. Rxa5 Re6 39. Rf5 Re2 40.
Qh5 Qe3 41. R5f3 Qd2 42. Rf6 Kh7 43. Rxh6+ Qxh6 44. Qxe2 1-0

[Event "Chess.com Classic Div 2 L"]
[Site "chess.com INT"]
[Date "2024.05.13"]
[Round "4.2"]
[White "Dubov, Daniil"]
[Black "So, Wesley"]
[Result "0-1"]
[WhiteTitle "GM"]
[BlackTitle "GM"]
[WhiteElo "2707"]
[BlackElo "2757"]
[WhiteFideId "24126055"]
[BlackFideId "5202213"]
[EventDate "2024.05.11"]
[EventType "k.o."]

1. e4 e5 2. Bc4 Nf6 3. Nc3 Bc5 4. Nf3 Nc6 5. d3 a6 6. a4 d6 7. h3 O-O 8. Bg5 h6
9. Bh4 Nd4 10. Nd5 g5 11. Qd2 gxh4 12. Qxh6 Nh7 13. c3 Nc2+ 14. Ke2 Nxa1 15. g4
c6 16. g5 cxd5 17. Rg1 Kh8 18. Nxh4 Qb6 19. b4 Bxf2 20. d4 Bxh4 21. Bxd5 exd4
22. g6 fxg6 23. Qxg6 d3+ 24. Kxd3 Rf3+ 25. Kc4 Qc7+ 26. Kd4 Qxc3# 0-1

[Event "Chess.com Classic Div 2 L"]
[Site "chess.com INT"]
[Date "2024.05.13"]
[Round "4.2"]
[White "Vidit, Santosh Gujrathi"]
[Black "Aronian, Levon"]
[Result "0-1"]
[WhiteTitle "GM"]
[BlackTitle "GM"]
[WhiteElo "2722"]
[BlackElo "2730"]
[WhiteFideId "5029465"]
[BlackFideId "13300474"]
[EventDate "2024.05.11"]
[EventType "k.o."]

1. e4 c5 2. Nf3 d6 3. d4 cxd4 4. Nxd4 Nf6 5. Nc3 a6 6. Bg5 Nbd7 7. a3 h6 8. Bxf6
Nxf6 9. Bc4 g6 10. Qd3 Bg7 11. O-O-O O-O 12. Ba2 Qc7 13. Kb1 b5 14. h4 h5 15. f4
Bg4 16. f5 gxf5 17. Nxf5 Bxd1 18. Rxd1 e6 19. Nxd6 Qc5 20. Nb7 Qe5 21. Qd6 Ng4
22. Qxe5 Bxe5 23. Ne2 Rac8 24. Nc1 Ne3 25. Rd2 Nc4 26. Bxc4 bxc4 27. Rd7 Rc7 28.
Rxc7 Bxc7 29. c3 Kh7 30. Nc5 a5 31. Ne2 Rg8 32. g3 Bxg3 33. Nd7 Bxh4 34. Nf4 Rg4 0-1

[Event "Chess.com Classic Div 2 L"]
[Site "chess.com INT"]
[Date "2024.05.13"]
[Round "5.1"]
[White "Aronian, Levon"]
[Black "So, Wesley"]
[Result "1/2-1/2"]
[WhiteTitle "GM"]
[BlackTitle "GM"]
[WhiteElo "2730"]
[BlackElo "2757"]
[WhiteFideId "13300474"]
[BlackFideId "5202213"]
[EventDate "2024.05.11"]
[EventType "k.o."]

1. e4 e5 2. Nf3 Nc6 3. Bc4 Bc5 4. d3 Nf6 5. h3 d6 6. c3 a6 7. Bb3 h6 8. Nbd2 Ba7
9. Nf1 d5 10. Qe2 Be6 11. Ng3 O-O 12. O-O Re8 13. Rd1 Qe7 14. d4 dxe4 15. Nxe5
Nxe5 16. dxe5 Bxb3 17. axb3 Qxe5 18. Be3 Bxe3 19. Qxe3 Rad8 20. Rxd8 Rxd8 21.
Re1 Re8 22. b4 h5 23. Rd1 h4 24. Nf1 Nd5 25. Qc5 c6 26. Ne3 Nxe3 27. Qxe3 g5 28.
Rd7 Re7 29. Rxe7 Qxe7 30. f3 f5 31. fxe4 fxe4 32. Kf2 Qf7+ 33. Ke2 Qc4+ 34. Ke1
Qd5 35. g3 hxg3 36. Qxg3 Kf7 37. h4 gxh4 38. Qxh4 Qf5 39. Qg3 Ke6 40. Qg8+ Qf7
41. Qg5 Kd7 42. Qg4+ Qe6 43. Qg7+ Kc8 44. Qh8+ Kc7 45. Qg7+ Kb6 46. Qd4+ Kb5 47.
b3 Qf5 48. Qd6 Kb6 49. Qd8+ Ka7 50. Qd4+ b6 51. Qd6 Qf7 52. Qe5 Kb7 53. Qxe4
Qxb3 54. Qe7+ Kb8 55. Qd8+ Kb7 56. Qd7+ Kb8 57. Qxc6 Qb1+ 58. Kd2 Qb2+ 59. Kd3
Qb1+ 60. Kd2 Qb2+ 61. Kd3 Qb1+ 62. Kd2 1/2-1/2

[Event "Chess.com Classic Div 2 L"]
[Site "chess.com INT"]
[Date "2024.05.13"]
[Round "5.3"]
[White "So, Wesley"]
[Black "Aronian, Levon"]
[Result "1-0"]
[WhiteTitle "GM"]
[BlackTitle "GM"]
[WhiteElo "2757"]
[BlackElo "2730"]
[WhiteFideId "5202213"]
[BlackFideId "13300474"]
[EventDate "2024.05.11"]
[EventType "k.o."]

1. e4 e5 2. Nf3 Nc6 3. Bc4 Nf6 4. d3 Bc5 5. Bg5 Be7 6. Nc3 h6 7. Be3 Bb4 8. O-O
Bxc3 9. bxc3 O-O 10. Re1 d6 11. h3 Na5 12. Bb3 c5 13. Nd2 b6 14. f4 exf4 15.
Bxf4 d5 16. exd5 Nxb3 17. axb3 Nxd5 18. Qf3 Nxf4 19. Qxf4 Be6 20. Re3 a5 21. Ne4
Qb8 22. Qh4 Qd8 23. Qf4 Qb8 24. Nf6+ gxf6 25. Qxh6 Bf5 26. Rf1 Bg6 27. Rf4 Qxf4
28. Qxf4 b5 29. Qxf6 a4 30. Re1 a3 31. h4 Rfe8 32. Ra1 Re2 33. Qf3 Rae8 34. h5
Re1+ 35. Rxe1 Rxe1+ 36. Kf2 Be4 37. Qg4+ 1-0

[Event "Chess.com Classic Div 2 L"]
[Site "chess.com INT"]
[Date "2024.05.13"]
[Round "6.1"]
[White "So, Wesley"]
[Black "Oparin, Grigoriy"]
[Result "1-0"]
[WhiteTitle "GM"]
[BlackTitle "GM"]
[WhiteElo "2757"]
[BlackElo "2676"]
[WhiteFideId "5202213"]
[BlackFideId "24125890"]
[EventDate "2024.05.11"]
[EventType "k.o."]

1. e4 c5 2. Nf3 Nc6 3. Bb5 e5 4. O-O Bd6 5. c3 a6 6. Ba4 b5 7. Bb3 c4 8. Bc2 Nf6
9. d4 cxd3 10. Qxd3 Bc7 11. Bg5 h6 12. Bxf6 Qxf6 13. Nbd2 d6 14. a4 Rb8 15. axb5
axb5 16. b4 O-O 17. Rfe1 Bb6 18. Nf1 Rd8 19. Ne3 Bxe3 20. Qxe3 Be6 21. Ra6 Rdc8
22. Bd3 Qe7 23. Rb6 Ra8 24. Bxb5 Nb8 25. h3 Ra3 26. Qd2 Raxc3 27. Qxd6 Qxd6 28.
Rxd6 Rb3 29. Nxe5 Rxb4 30. Bf1 Kf8 31. f4 Ke7 32. Rd2 Nd7 33. Nf3 Nc5 34. f5 Bd7
35. Rd5 Nb3 36. Ne5 Be8 37. Nd3 Rd4 38. Nf4 Bc6 39. Re3 Bxd5 40. Nxd5+ Kd6 41.
Rxb3 Rxe4 42. Ne3 Rce8 43. Rd3+ Kc5 44. Kf2 Rf4+ 45. Kg3 Rd4 46. Ra3 Kd6 47. Kf3
Ke7 48. g3 Red8 49. h4 R8d7 50. Bb5 Rc7 51. Ra8 Rc5 52. Ra7+ Kf8 53. Ra8+ Ke7
54. Ba4 Rc3 55. Re8+ Kf6 56. Bb5 g6 57. fxg6 fxg6 58. Be2 Kf7 59. Re5 Kf6 60.
Re8 Kf7 61. Ra8 Rb4 62. Kf2 Rb2 63. Ra7+ Kf8 64. Ra8+ Kg7 65. Ra7+ Kf8 66. Nd1
Rxe2+ 67. Kxe2 Rxg3 68. Nf2 h5 69. Ra4 Kg7 70. Ra7+ Kh6 71. Ra6 Kg7 72. Ra7+ Kh6
73. Ra8 Kg7 74. Ra5 Kh6 75. Ra7 Rb3 76. Ne4 Rh3 77. Rh7+ Kxh7 78. Ng5+ 1-0

[Event "Chess.com Classic Div 2 L"]
[Site "chess.com INT"]
[Date "2024.05.13"]
[Round "6.2"]
[White "Oparin, Grigoriy"]
[Black "So, Wesley"]
[Result "0-1"]
[WhiteTitle "GM"]
[BlackTitle "GM"]
[WhiteElo "2676"]
[BlackElo "2757"]
[WhiteFideId "24125890"]
[BlackFideId "5202213"]
[EventDate "2024.05.11"]
[EventType "k.o."]

1. e4 e5 2. Nf3 Nc6 3. Bb5 Nf6 4. d3 Bc5 5. Bxc6 dxc6 6. O-O Nd7 7. c3 h6 8. d4
Bd6 9. Nbd2 O-O 10. Nc4 exd4 11. Nxd6 cxd6 12. Nxd4 Nc5 13. Re1 Re8 14. f3 d5
15. e5 a5 16. b3 Bd7 17. a4 f6 18. Bf4 fxe5 19. Bxe5 Qg5 20. f4 Qg6 21. Re3 Ne4
22. h3 Kh7 23. Qe2 c5 24. Nb5 Bc6 25. Nc7 d4 26. cxd4 cxd4 27. f5 Qxf5 28. Bxd4
Rad8 29. Nxe8 Rxd4 30. Nc7 Rd2 31. Qg4 Qf2+ 32. Kh2 Nf6 33. Qg3 Qxg2+ 0-1